| 000 | 00000nas##2200000za#4500 |
| 001 | 9.507931 |
| 003 | CaOODSP |
| 005 | 20200325095137 |
| 007 | cr ||||||||||| |
| 008 | 150406c2010||||xxc|| p o||||f| |0eng|d |
| 040 | |aCaOODSP|beng |
| 043 | |an-cn--- |
| 086 | 1 |aEn151-6E-PDF |
| 110 | 1 |aCanada. |bEnvironment Canada. |bQuebec Region. |
| 245 | 10|aSt. Lawrence Plan for a Sustainable Development - five year report / |h[electronic resource]|c[issued by] Coordination Office of the St. Lawrence Plan. |
| 260 | |aSainte-Foy - Quebec : |bEnvironment Canada. |cc2011-. |
| 310 | |aEvery five years |
| 362 | 1 |a2005/2010 - |
| 500 | |aCo-published by Minister of Sustainable Development, Environment and Parks, Quebec Government. |
| 690 | 07|aEnvironmental protection|2gcpds |
| 690 | 07|aSustainable development|2gcpds |
| 690 | 07|aWater management|2gcpds |
| 775 | 08|tPlan Saint-Laurent pour un développement durable - rapport quinquennal / |w(CaOODSP)9.504309 |
| 780 | 00|tFive year report ... St. Lawrence Vision 2000 |w(CaOODSP)9.507824 |